| 000 | 00944cam a22003137a 4500 | ||
|---|---|---|---|
| 001 | 000032326 | ||
| 003 | CHAP | ||
| 005 | 20220329135124.0 | ||
| 008 | 971013s1975 r 00010 d | ||
| 010 | _a31274 | ||
| 011 | _a32246 | ||
| 035 | _a36359 | ||
| 040 | _cCHAP | ||
| 090 | _aFolleto 1426 | ||
| 100 | 0 | 0 |
_aCowan, Richard S. _928718 |
| 245 | 1 | 2 | _aA monograph of the genus Eperua (Leguminosae: Caesalpinoidea). |
| 260 |
_aWashington : _bSmithsonian Institution, _c1975. |
||
| 300 |
_a45 p. : _b: ilus. |
||
| 490 | 1 |
_aSmithsonian contributions to botany _v; 28 |
|
| 590 |
_aBATCH-UPD _b10 _c20130110 _lUCH01 _h1855 |
||
| 590 |
_aCONVERSION _b10 _c20130109 _lUCH01 _h1318 |
||
| 590 |
_aE5995AHE _b05 _c20141118 _lUCH01 _h1431 |
||
| 650 | 1 | 4 |
_aEperua. _937200 |
| 830 | 0 |
_aSmithsonian contributions to botany _v; 28 _9107168 |
|
| 901 | _aBK | ||
| 942 | _cFOLL | ||
| 942 | _n0 | ||
| 949 |
_aFolleto 1426 _bBC _cFOLL _d-83858 _eTS1 _i36359 _mD _si |
||
| 999 |
_c31274 _d31274 |
||